[Event "Monarch Assurance Isle of Man 16th"]
[Site "Port Erin"]
[Date "2007.09.22"]
[Round "1.4"]
[White "Kobalia, Mikhail"]
[Black "Kunin, Vitaly"]
[Result "0-1"]
[WhiteElo "2634"]
[BlackElo "2507"]
[PlyCount "116"]
[EventDate "2007.09.22"]
[EventType "swiss"]
[EventRounds "9"]
[EventCountry "IOM"]

1. e4 e5 2. Nf3 Nf6 3. Nxe5 d6 4. Nf3 Nxe4 5. Nc3 Nxc3 6. dxc3 Be7 7. Be3 Nc6
8. Qd2 Ne5 9. O-O-O O-O 10. h4 Bf6 11. Ng5 Re8 12. f4 Ng4 13. Bg1 Bf5 14. Bc4
Nh6 15. Qd5 c6 16. Qd2 d5 17. Be2 Qa5 18. Kb1 Re7 19. Bf3 Rae8 20. Bf2 Ng4 21.
Rde1 Nxf2 22. Rxe7 Rxe7 23. Qxf2 Qb6 24. Qxb6 axb6 25. Bd1 d4 26. cxd4 Bxd4 27.
g4 Bc8 28. c3 Bf2 29. h5 h6 30. Nh3 Be3 31. f5 Kf8 32. Kc2 b5 33. Bf3 Bb6 34.
Nf4 Re3 35. Rf1 Ke7 36. Ng2 Re5 37. Ne1 Kf6 38. Bd1 Re4 39. Kd3 Re3+ 40. Kd2
Rg3 41. Bf3 Rg1 42. Rxg1 Bxg1 43. Nd3 g6 44. fxg6 fxg6 45. hxg6 Kxg6 46. c4
bxc4 47. Ne5+ Kg5 48. Nxc4 Bxg4 49. Bg2 Bc5 50. a3 Kf4 51. Na5 Bc8 52. b4 Bf8
53. Kc3 h5 54. a4 h4 55. Nxc6 bxc6 56. Bxc6 h3 57. a5 h2 58. b5 Bd7 0-1

[Event "Monarch Assurance Isle of Man 16th"]
[Site "Port Erin"]
[Date "2007.09.22"]
[Round "1.7"]
[White "Haslinger, Stewart"]
[Black "Efimenko, Zahar"]
[Result "0-1"]
[WhiteElo "2468"]
[BlackElo "2624"]
[PlyCount "114"]
[EventDate "2007.09.22"]
[EventType "swiss"]
[EventRounds "9"]
[EventCountry "IOM"]

1. e4 c5 2. Nf3 d6 3. d4 cxd4 4. Nxd4 Nf6 5. Nc3 a6 6. Be3 e5 7. Nde2 Nc6 8.
Ng3 Be6 9. Be2 g6 10. Qd2 h5 11. Nd5 Bxd5 12. exd5 Ne7 13. Bg5 Nh7 14. Ne4 f5
15. Nf6+ Nxf6 16. Bxf6 Bh6 17. Qb4 O-O 18. Qh4 Rf7 19. c3 Rc8 20. h3 Qf8 21.
Bxe7 Rxe7 22. g4 Rh7 23. g5 Bg7 24. Qb4 e4 25. f4 exf3 26. Bxf3 Qe7+ 27. Kf2 h4
28. Qf4 Be5 29. Qd2 Bg3+ 30. Kf1 Re8 31. Rg1 Qc7 32. Rg2 Rhe7 33. Re2 Qc4 34.
Qd4 Qxd4 35. cxd4 Rxe2 36. Bxe2 Bf4 37. Bf3 Bxg5 38. Re1 Rxe1+ 39. Kxe1 Bf6 40.
Ke2 Bxd4 41. b3 Kf7 42. Bg2 Kf6 43. Kf3 Ke5 44. Bf1 Bb2 45. Be2 Kd4 46. a4 Kc3
47. Bd1 Bc1 48. Kf2 g5 49. Kf1 Ba3 50. Ke2 Bb4 51. Ke3 Bc5+ 52. Ke2 g4 53. hxg4
fxg4 54. Kf1 Bd4 55. Bxg4 Kxb3 56. Bd7 b5 57. axb5 a5 0-1

[Event "Monarch Assurance Isle of Man 16th"]
[Site "Port Erin"]
[Date "2007.09.22"]
[Round "1.8"]
[White "Svetushkin, Dmitry"]
[Black "Smerdon, David"]
[Result "1-0"]
[WhiteElo "2618"]
[BlackElo "2461"]
[PlyCount "83"]
[EventDate "2007.09.22"]
[EventType "swiss"]
[EventRounds "9"]
[EventCountry "IOM"]

1. d4 Nf6 2. c4 e6 3. Nf3 c5 4. d5 d6 5. Nc3 exd5 6. cxd5 g6 7. e4 a6 8. h3 Bg7
9. Bd3 Nbd7 10. O-O Nh5 11. Bg5 Bf6 12. Bh6 Ne5 13. Be2 Nxf3+ 14. Bxf3 Ng7 15.
Qd2 O-O 16. Bg4 Re8 17. g3 b5 18. Rae1 b4 19. Nd1 a5 20. Kg2 Ba6 21. Rh1 c4 22.
h4 Bc8 23. Bf3 Qc7 24. h5 c3 25. bxc3 bxc3 26. Qc2 Bd7 27. hxg6 fxg6 28. Bf4
Rac8 29. Rh6 Qc4 30. Ne3 Qb4 31. Ng4 Bxg4 32. Bxg4 Rc4 33. Bf3 Qb2 34. Qd3 Rd4
35. Qa6 Rxd5 36. Qc4 Qb5 37. Be2 c2 38. Qxb5 Rxb5 39. Bxb5 Rc8 40. Ba4 Nh5 41.
Rxh5 gxh5 42. Rc1 1-0

[Event "Monarch Assurance Isle of Man 16th"]
[Site "Port Erin"]
[Date "2007.09.22"]
[Round "1.10"]
[White "Dworakowska, Joanna"]
[Black "Palliser, Richard"]
[Result "1-0"]
[WhiteElo "2320"]
[BlackElo "2417"]
[PlyCount "59"]
[EventDate "2007.09.22"]
[EventType "swiss"]
[EventRounds "9"]
[EventCountry "IOM"]

1. d4 Nf6 2. c4 e6 3. Nf3 c5 4. d5 d6 5. Nc3 exd5 6. cxd5 g6 7. h3 a6 8. a4 Qe7
9. Bg5 Bg7 10. e3 h6 11. Bh4 Bf5 12. Nd2 O-O 13. Nc4 g5 14. Bg3 Ne8 15. Nb6 Ra7
16. Qf3 Bd7 17. h4 f5 18. hxg5 hxg5 19. Bd3 Bxc3+ 20. bxc3 Ng7 21. Kd2 Rf6 22.
Rh2 c4 23. Bxc4 Qd8 24. a5 Be8 25. Rah1 Nd7 26. Rh8+ Kf7 27. R1h7 g4 28. Qf4
Nxb6 29. Qg5 Nxc4+ 30. Ke2 1-0

[Event "Monarch Assurance Isle of Man 16th"]
[Site "Port Erin"]
[Date "2007.09.22"]
[Round "1.13"]
[White "Mueller, Matthias"]
[Black "Malakhatko, Vadim"]
[Result "0-1"]
[WhiteElo "2405"]
[BlackElo "2596"]
[PlyCount "74"]
[EventDate "2007.09.22"]
[EventType "swiss"]
[EventRounds "9"]
[EventCountry "IOM"]

1. e4 e6 2. d4 d5 3. Nc3 Nf6 4. e5 Nfd7 5. f4 c5 6. Nf3 Nc6 7. Be3 a6 8. Qd2 b5
9. a3 Bb7 10. Bd3 Qc7 11. O-O O-O-O 12. Bf2 h6 13. Nd1 cxd4 14. Bg3 f5 15. b4
Nb6 16. Qf2 Nc4 17. Nxd4 Nxd4 18. Qxd4 g5 19. c3 Rg8 20. Nf2 Be7 21. a4 h5 22.
Nh3 h4 23. Be1 g4 24. Ng5 Rxg5 25. fxg5 Bxg5 26. Bxc4 dxc4 27. Qc5 Qxc5+ 28.
bxc5 Be3+ 29. Bf2 Rd2 30. axb5 axb5 31. g3 hxg3 32. hxg3 f4 33. Rae1 Bxc5 34.
Bxc5 Rg2+ 35. Kh1 Rxg3+ 36. Kh2 Rg2+ 37. Kh1 g3 0-1

[Event "Monarch Assurance Isle of Man 16th"]
[Site "Port Erin"]
[Date "2007.09.22"]
[Round "1.15"]
[White "Troyke, Christian"]
[Black "Spraggett, Kevin"]
[Result "1/2-1/2"]
[WhiteElo "2386"]
[BlackElo "2585"]
[PlyCount "93"]
[EventDate "2007.09.22"]
[EventType "swiss"]
[EventRounds "9"]
[EventCountry "IOM"]

1. g3 e5 2. c4 Nc6 3. Bg2 f5 4. Nc3 Nf6 5. e3 g6 6. Nge2 Bg7 7. d4 e4 8. Nf4
O-O 9. h4 Bh6 10. Nfd5 d6 11. Bd2 Ne7 12. Nxf6+ Rxf6 13. g4 fxg4 14. Nxe4 Rf8
15. h5 g5 16. Ng3 c6 17. Qb3 Nf5 18. Nxf5 Rxf5 19. e4 Rf7 20. Be3 Qe7 21. O-O-O
a6 22. Qb6 a5 23. c5 dxc5 24. Qxc5 Qxc5+ 25. dxc5 Be6 26. Kb1 Re8 27. Rd2 Rd7
28. Rxd7 Bxd7 29. Kc2 Be6 30. b3 Bf8 31. a4 h6 32. Bf1 Bf7 33. Bd3 Bg7 34. Rh2
Be5 35. Rh1 Bf6 36. Rh2 Be5 37. Rh1 g3 38. fxg3 Bxg3 39. Bd2 Bf2 40. Bxa5 Bxc5
41. Bc3 Bf8 42. b4 Bg7 43. Bxg7 Kxg7 44. Kc3 Kf6 45. Rf1+ Kg7 46. Rh1 Kf6 47.
Rf1+ 1/2-1/2

[Event "Monarch Assurance Isle of Man 16th"]
[Site "Port Erin"]
[Date "2007.09.22"]
[Round "1.16"]
[White "Iordachescu, Viorel"]
[Black "Kolbus, Dietmar"]
[Result "1-0"]
[WhiteElo "2584"]
[BlackElo "2384"]
[PlyCount "73"]
[EventDate "2007.09.22"]
[EventType "swiss"]
[EventRounds "9"]
[EventCountry "IOM"]

1. e4 c5 2. Nf3 d6 3. d4 cxd4 4. Nxd4 Nf6 5. Nc3 a6 6. Be2 e6 7. f4 Qc7 8. O-O
Nc6 9. Be3 Bd7 10. a4 Be7 11. Kh1 O-O 12. Bd3 Nb4 13. a5 e5 14. fxe5 dxe5 15.
Nf5 Bxf5 16. Rxf5 Qd6 17. Qe2 Nxd3 18. cxd3 Qe6 19. Raf1 Rac8 20. h3 Rc6 21.
Qf2 Ne8 22. Nd5 Nc7 23. Qf3 f6 24. Bb6 Nb5 25. Qg3 Rf7 26. h4 Kh8 27. h5 h6 28.
Qg6 Rf8 29. Be3 Nd6 30. R5f3 Qf7 31. Bxh6 Qxg6 32. hxg6 Bd8 33. Bd2 Kg8 34. g4
Nc8 35. R1f2 Rc5 36. Rh2 Rxd5 37. Rfh3 1-0

[Event "Monarch Assurance Isle of Man 16th"]
[Site "Port Erin"]
[Date "2007.09.22"]
[Round "1.17"]
[White "Cox, John J"]
[Black "Kritz, Leonid"]
[Result "0-1"]
[WhiteElo "2381"]
[BlackElo "2571"]
[PlyCount "82"]
[EventDate "2007.09.22"]
[EventType "swiss"]
[EventRounds "9"]
[EventCountry "IOM"]

1. d4 Nf6 2. c4 c6 3. Nc3 d5 4. Nf3 a6 5. Ne5 e6 6. g3 b5 7. b3 Bb4 8. Bb2 Ne4
9. Rc1 Qa5 10. Qc2 Qxa2 11. Bg2 Bxc3+ 12. Bxc3 Qxc2 13. Rxc2 Nxc3 14. Rxc3 f6
15. Nd3 Ke7 16. O-O Rd8 17. cxd5 exd5 18. e4 dxe4 19. Bxe4 Rxd4 20. Bxh7 Kd6
21. Nf4 Ra7 22. Bg8 Bf5 23. Re3 Re7 24. Nh5 Rde4 25. Rd1+ Kc7 26. Rxe4 Bxe4 27.
Re1 Kd8 28. Nf4 Bf5 29. Ne6+ Bxe6 30. Bxe6 Nd7 31. Kf1 Nc5 32. Bg8 Re8 33. Rc1
Ne4 34. Bh7 Kc7 35. Bg6 Re7 36. Kg2 Nd6 37. Ra1 Kb6 38. Rd1 Nb7 39. Kf3 a5 40.
h4 Kc5 41. Be4 Rc7 0-1

[Event "Monarch Assurance Isle of Man 16th"]
[Site "Port Erin"]
[Date "2007.09.22"]
[Round "1.18"]
[White "Kuzubov, Yuriy"]
[Black "Welling, Gerard"]
[Result "1/2-1/2"]
[WhiteElo "2568"]
[BlackElo "2364"]
[PlyCount "57"]
[EventDate "2007.09.22"]
[EventType "swiss"]
[EventRounds "9"]
[EventCountry "IOM"]

1. d4 g6 2. c4 Bg7 3. Nc3 c5 4. d5 Bxc3+ 5. bxc3 f5 6. Nf3 d6 7. g3 Qa5 8. Qd3
Nf6 9. Bg2 Nbd7 10. O-O Nb6 11. a4 Bd7 12. Bh6 O-O-O 13. Rfb1 f4 14. Rb3 Bf5
15. Qd1 fxg3 16. hxg3 Nxc4 17. Nd2 Nxd2 18. Bxd2 h5 19. Qe1 h4 20. e4 h3 21.
exf5 hxg2 22. Kxg2 gxf5 23. Qxe7 Qc7 24. Qxf6 Qh7 25. Qh4 Qf7 26. Qc4 Qh5 27.
Qh4 Qf7 28. Qc4 Qh5 29. Qh4 1/2-1/2

[Event "Monarch Assurance Isle of Man 16th"]
[Site "Port Erin"]
[Date "2007.09.22"]
[Round "1.19"]
[White "Mannion, Stephen R"]
[Black "Drozdovskij, Yuri"]
[Result "1/2-1/2"]
[WhiteElo "2359"]
[BlackElo "2567"]
[PlyCount "100"]
[EventDate "2007.09.22"]
[EventType "swiss"]
[EventRounds "9"]
[EventCountry "IOM"]

1. e4 e5 2. Nf3 Nc6 3. Bb5 a6 4. Ba4 Nf6 5. O-O Be7 6. Re1 b5 7. Bb3 d6 8. c3
O-O 9. d4 Bg4 10. d5 Na5 11. Bc2 c6 12. h3 Bc8 13. dxc6 Qc7 14. Nbd2 Qxc6 15.
Nf1 Nb7 16. Ne3 Nc5 17. Nd5 Nxd5 18. exd5 Qc7 19. Be3 Bb7 20. Rc1 g6 21. Qd2
Nd7 22. Bb3 Nb6 23. Bxb6 Qxb6 24. c4 Rfc8 25. cxb5 axb5 26. Ng5 Qd8 27. h4 Kg7
28. g3 h6 29. Nf3 Rxc1 30. Rxc1 Rc8 31. Rxc8 Qxc8 32. Qe3 Qc7 33. h5 gxh5 34.
Qd3 Qc1+ 35. Kg2 Bc8 36. Qxb5 e4 37. Ng1 h4 38. Qc4 h3+ 39. Kh2 Qxb2 40. Qxc8
Qxf2+ 41. Kxh3 Qxg1 42. Qg4+ Bg5 43. Qxe4 Qf1+ 44. Kh2 h5 45. Qg2 Qd3 46. Bc2
Qd4 47. Qe4 Qf2+ 48. Qg2 Qe1 49. Qe4 Qc1 50. Bd3 Qd2+ 1/2-1/2

[Event "Monarch Assurance Isle of Man 16th"]
[Site "Port Erin"]
[Date "2007.09.22"]
[Round "1.20"]
[White "Georgiev, Vladimir"]
[Black "Shachar, Ehud"]
[Result "1-0"]
[WhiteElo "2567"]
[BlackElo "2353"]
[PlyCount "77"]
[EventDate "2007.09.22"]
[EventType "swiss"]
[EventRounds "9"]
[EventCountry "IOM"]

1. d4 e6 2. c4 f5 3. Nf3 Nf6 4. Nc3 Be7 5. Bf4 b6 6. e3 Bb7 7. Bd3 Ne4 8. Bxe4
fxe4 9. Nd2 Bb4 10. Qh5+ g6 11. Qe5 O-O 12. Qxc7 Qxc7 13. Bxc7 Nc6 14. Rc1 Rac8
15. Bg3 Na5 16. a3 Bxc3 17. Rxc3 d5 18. c5 Ba6 19. h4 Nc4 20. Nxc4 dxc4 21. Bd6
Rf7 22. h5 g5 23. h6 Rf5 24. Rh5 Kf7 25. g4 Rd5 26. f3 exf3 27. Rh3 bxc5 28.
Rxf3+ Kg8 29. dxc5 Rd3 30. Rxd3 cxd3 31. Kd2 Bb5 32. e4 a5 33. b3 Re8 34. a4
Ba6 35. c6 Rd8 36. e5 Rc8 37. Rf6 Re8 38. c7 Bb7 39. Kxd3 1-0

[Event "Monarch Assurance Isle of Man 16th"]
[Site "Port Erin"]
[Date "2007.09.22"]
[Round "1.21"]
[White "Horner, Jeff"]
[Black "Pavlovic, Milos"]
[Result "1-0"]
[WhiteElo "2344"]
[BlackElo "2541"]
[PlyCount "85"]
[EventDate "2007.09.22"]
[EventType "swiss"]
[EventRounds "9"]
[EventCountry "IOM"]

1. e4 c5 2. Nf3 e6 3. d4 cxd4 4. Nxd4 Nf6 5. Nc3 Nc6 6. Nxc6 bxc6 7. Bd3 d5 8.
O-O Be7 9. Re1 O-O 10. Bf4 d4 11. Nb1 Nd7 12. Nd2 e5 13. Bg3 Bd6 14. Nc4 Bc7
15. Qd2 Re8 16. Rf1 c5 17. Rae1 g5 18. c3 Nf8 19. Rd1 a5 20. cxd4 cxd4 21. Rc1
h5 22. h3 Ng6 23. Rc2 Kg7 24. Rfc1 h4 25. Bh2 g4 26. Na3 Bd6 27. Nb5 Bb4 28.
Qe2 gxh3 29. Nc7 Rb8 30. Nxe8+ Qxe8 31. gxh3 Be7 32. Kh1 Bg5 33. Rg1 Qe7 34.
Qh5 f6 35. Rc6 Be6 36. Bc4 Bf7 37. Bxf7 Qxf7 38. Rxg5 fxg5 39. Rxg6+ Qxg6 40.
Bxe5+ Kf7 41. Qf3+ Kg8 42. Bxb8 Qb6 43. Be5 1-0

[Event "Monarch Assurance Isle of Man 16th"]
[Site "Port Erin"]
[Date "2007.09.22"]
[Round "1.22"]
[White "Hebden, Mark"]
[Black "Zozulia, Anna"]
[Result "1-0"]
[WhiteElo "2540"]
[BlackElo "2332"]
[PlyCount "125"]
[EventDate "2007.09.22"]
[EventType "swiss"]
[EventRounds "9"]
[EventCountry "IOM"]

1. e4 d6 2. d4 g6 3. Nf3 Bg7 4. Bc4 e6 5. O-O Ne7 6. Bb3 Nd7 7. Qe2 O-O 8. c3
e5 9. Rd1 Qe8 10. Na3 a6 11. Nc4 b6 12. a4 Bb7 13. dxe5 Nxe5 14. Ncxe5 dxe5 15.
Bc4 h6 16. b3 Qc8 17. Ba3 Re8 18. Nh4 c5 19. b4 Qc6 20. b5 Qxe4 21. Qxe4 Bxe4
22. bxa6 Bc2 23. Rd6 g5 24. Nf3 e4 25. Ne1 Bxa4 26. Rxb6 Bxc3 27. Bb2 Bxb2 28.
Rxb2 Bc6 29. Ra5 Bd5 30. Bf1 c4 31. Nc2 c3 32. Rbb5 Red8 33. Rc5 Kg7 34. Rxc3
Rdc8 35. Rac5 Rxc5 36. Rxc5 Ra7 37. Ne3 Be6 38. Ra5 Nc6 39. Ra4 f5 40. g4 f4
41. Rxe4 Kf6 42. Nf5 Ne5 43. Nd4 Bd5 44. Re1 Nxg4 45. Rb1 Ke5 46. Nc2 Rc7 47.
Nb4 Ba8 48. Nd3+ Kd4 49. Rb8 Bd5 50. Rd8 Nf6 51. h3 Rd7 52. Rf8 Ne4 53. Nb4 Nd2
54. Nxd5 Kxd5 55. Bg2+ f3 56. Bxf3+ Nxf3+ 57. Rxf3 Ke5 58. Ra3 Ra7 59. Ra4 Kf5
60. Kg2 Ke5 61. Kf3 Kf5 62. Ra5+ Kf6 63. h4 1-0

[Event "Monarch Assurance Isle of Man 16th"]
[Site "Port Erin"]
[Date "2007.09.22"]
[Round "1.23"]
[White "Klinova, Masha"]
[Black "Sulskis, Sarunas"]
[Result "0-1"]
[WhiteElo "2326"]
[BlackElo "2537"]
[PlyCount "56"]
[EventDate "2007.09.22"]
[EventType "swiss"]
[EventRounds "9"]
[EventCountry "IOM"]

1. e4 c5 2. Nf3 e6 3. c4 Nc6 4. Nc3 Nf6 5. Be2 Qb6 6. O-O Be7 7. a3 O-O 8. Rb1
a5 9. d3 Rd8 10. Bg5 h6 11. Bh4 d6 12. Na4 Qc7 13. Nc3 Ne5 14. h3 Ng6 15. Bg3
Nh5 16. Bh2 Nhf4 17. Qd2 Nxe2+ 18. Qxe2 Bd7 19. Rfc1 a4 20. b4 axb3 21. Rxb3
Bc6 22. d4 cxd4 23. Nxd4 Be8 24. Qb2 Qc5 25. Nce2 Bg5 26. Rb1 Qxc4 27. Rxb7 Bf6
28. Qb4 Qd3 0-1

[Event "Monarch Assurance Isle of Man 16th"]
[Site "Port Erin"]
[Date "2007.09.22"]
[Round "1.24"]
[White "Adams, Phil"]
[Black "Prosviriakov, Vladimir"]
[Result "1/2-1/2"]
[WhiteElo "2144"]
[BlackElo "2319"]
[PlyCount "82"]
[EventDate "2007.09.22"]
[EventType "swiss"]
[EventRounds "9"]
[EventCountry "IOM"]

1. e4 e5 2. Nc3 Nc6 3. Nf3 Nf6 4. d4 exd4 5. Nxd4 Bb4 6. Nxc6 bxc6 7. Bd3 d5 8.
exd5 cxd5 9. O-O O-O 10. Bg5 c6 11. Qf3 Bd6 12. Bxf6 Qxf6 13. Qxf6 gxf6 14. Ne2
Rb8 15. b3 Bd7 16. Rad1 c5 17. c4 d4 18. Ng3 Rfe8 19. Nh5 Be7 20. h3 Rb6 21. f4
f5 22. Rde1 Re6 23. Re5 Rxe5 24. fxe5 Bg5 25. Bxf5 Rxe5 26. Bxd7 Be3+ 27. Kh1
Rxh5 28. Rf5 Rxf5 29. Bxf5 Kg7 30. g4 h6 31. Kg2 Kf6 32. Kf3 Ke5 33. Bd3 Bc1
34. h4 Be3 35. a4 Bc1 36. h5 Be3 37. Bf5 Bg5 38. Ke2 Kf4 39. Kd3 Bf6 40. Bd7
Be5 41. Bc8 Kf3 1/2-1/2

[Event "Monarch Assurance Isle of Man 16th"]
[Site "Port Erin"]
[Date "2007.09.22"]
[Round "1.25"]
[White "Szieberth, Adam"]
[Black "Collier, David"]
[Result "1-0"]
[WhiteElo "2315"]
[BlackElo "2131"]
[PlyCount "63"]
[EventDate "2007.09.22"]
[EventType "swiss"]
[EventRounds "9"]
[EventCountry "IOM"]

1. e4 e6 2. Qe2 Nc6 3. Nf3 e5 4. c3 d5 5. Qb5 dxe4 6. Nxe5 Qd6 7. d4 a6 8. Qa4
Bd7 9. Nxd7 Qxd7 10. Be2 Nf6 11. Bg5 Be7 12. Nd2 Nd5 13. Bxe7 Qxe7 14. Bb5 Qe6
15. Bxc6+ bxc6 16. O-O O-O 17. Rfe1 f5 18. Qc4 Qg6 19. f3 Kh8 20. fxe4 Nf4 21.
g3 Nh3+ 22. Kg2 fxe4 23. Nxe4 Rae8 24. Kxh3 Qh5+ 25. Kg2 Rxe4 26. Qd3 Rxe1 27.
Rxe1 Qd5+ 28. Qe4 Qxa2 29. Re2 Qa1 30. Qf5 Kg8 31. Qe6+ Kh8 32. Qf7 1-0

[Event "Monarch Assurance Isle of Man 16th"]
[Site "Port Erin"]
[Date "2007.09.22"]
[Round "1.26"]
[White "Noordhoek, Henk"]
[Black "Ashton, Adam"]
[Result "0-1"]
[WhiteElo "2102"]
[BlackElo "2295"]
[PlyCount "78"]
[EventDate "2007.09.22"]
[EventType "swiss"]
[EventRounds "9"]
[EventCountry "IOM"]

1. g3 e5 2. Nf3 Nc6 3. d4 exd4 4. Nxd4 Bc5 5. c3 Qf6 6. Nf3 Nge7 7. Nbd2 d5 8.
Bg2 Bf5 9. O-O h6 10. Nb3 Bb6 11. a4 a5 12. Nbd4 Be4 13. Be3 Nd8 14. Qd2 O-O
15. Rfd1 c5 16. Nb5 Ne6 17. b4 axb4 18. cxb4 d4 19. Bf4 Nxf4 20. Qxf4 Qxf4 21.
gxf4 cxb4 22. Nfxd4 Bxg2 23. Kxg2 Rfd8 24. e3 Nd5 25. Nb3 Nc3 26. Rd6 Rxd6 27.
Nxd6 Rxa4 28. Rxa4 Nxa4 29. Nxb7 Kf8 30. Nd6 Nc5 31. Nc8 Nxb3 32. Nxb6 Nd2 33.
Na4 Ke7 34. Nb2 Ke6 35. f3 Kd5 36. Kf2 Nc4 37. Nd1 b3 38. Ke2 b2 39. Nc3+ Kc5 {
time} 0-1

[Event "Monarch Assurance Isle of Man 16th"]
[Site "Port Erin"]
[Date "2007.09.22"]
[Round "1.27"]
[White "Nelson, Jonathan P"]
[Black "Almond, Richard J"]
[Result "0-1"]
[WhiteElo "2282"]
[BlackElo "2101"]
[PlyCount "84"]
[EventDate "2007.09.22"]
[EventType "swiss"]
[EventRounds "9"]
[EventCountry "IOM"]

1. g3 d5 2. Bg2 Nf6 3. d3 g6 4. Nf3 Bg7 5. O-O O-O 6. Nbd2 c6 7. e4 dxe4 8.
dxe4 Qc7 9. Qe2 e5 10. b3 b6 11. Bb2 Nbd7 12. Rfd1 Re8 13. Bf1 Nc5 14. Rab1 a5
15. a3 Bb7 16. b4 Ncd7 17. bxa5 Rxa5 18. Nc4 Ba6 19. Qe1 Ra4 20. Nd6 Re6 21.
Bxa6 Rxa6 22. Qe2 Ra4 23. Nc4 b5 24. Ncd2 Nb6 25. Bc1 Bf8 26. Rb3 Re8 27. Rd3
Rea8 28. Bb2 Nfd7 29. Nb3 Bxa3 30. Bxa3 Rxa3 31. Rd6 R3a7 32. Nh4 Qc8 33. Qg4
Nf8 34. Nf5 Kh8 35. Qg5 gxf5 36. Qf6+ Kg8 37. exf5 Nd5 38. Qg5+ Kh8 39. Qh6
Qxf5 40. Nc5 Ng6 41. Rxc6 Qf3 42. Re1 Ndf4 0-1

[Event "Monarch Assurance Isle of Man 16th"]
[Site "Port Erin"]
[Date "2007.09.22"]
[Round "1.28"]
[White "Fraser-Mitchell, Jeremy"]
[Black "Bannink, Bernard"]
[Result "0-1"]
[WhiteElo "2097"]
[BlackElo "2271"]
[PlyCount "102"]
[EventDate "2007.09.22"]
[EventType "swiss"]
[EventRounds "9"]
[EventCountry "IOM"]

1. d4 d5 2. c4 dxc4 3. Nf3 Nf6 4. Nc3 c6 5. e4 b5 6. e5 Nd5 7. a4 e6 8. Be2 Bb7
9. O-O Be7 10. axb5 Nxc3 11. bxc3 cxb5 12. Bd2 Nd7 13. Ne1 Nb6 14. f4 g6 15.
Nc2 h5 16. Ne3 Nd5 17. Qb1 Qd7 18. Bf3 a6 19. Ra2 Kf8 20. Nd1 Kg7 21. Be4 Nb6
22. Nf2 Bxe4 23. Qxe4 Qd5 24. Rfa1 Na4 25. g3 Rhd8 26. h3 Rd7 27. Be1 Rda7 28.
Qxd5 exd5 29. Nd1 f6 30. Ne3 Rd8 31. g4 fxe5 32. fxe5 Bg5 33. Ng2 hxg4 34. hxg4
Rf7 35. Rf2 Rdf8 36. Raa2 Rxf2 37. Rxf2 Rxf2 38. Kxf2 a5 39. Ke2 Kf7 40. Kd1
Nb2+ 41. Kc2 Nd3 42. Bd2 Bxd2 43. Kxd2 Ke6 44. Nh4 Kf7 45. Ng2 b4 46. cxb4 axb4
47. Ne3 Ke6 48. Ng2 b3 49. Kc3 g5 50. Ne3 Nxe5 51. dxe5 d4+ 0-1

[Event "Monarch Assurance Isle of Man 16th"]
[Site "Port Erin"]
[Date "2007.09.22"]
[Round "1.29"]
[White "Bentley, John L"]
[Black "Waters, Michael"]
[Result "1-0"]
[WhiteElo "2242"]
[BlackElo "2096"]
[PlyCount "83"]
[EventDate "2007.09.22"]
[EventType "swiss"]
[EventRounds "9"]
[EventCountry "IOM"]

1. d4 Nf6 2. c4 e6 3. Nc3 Bb4 4. Bg5 h6 5. Bh4 c5 6. d5 d6 7. e3 e5 8. Qc2
Bxc3+ 9. bxc3 g5 10. Bg3 Nh5 11. Bd3 O-O 12. Ne2 f5 13. f3 Qf6 14. O-O-O Nd7
15. h4 Ng7 16. hxg5 hxg5 17. Rh2 Nb6 18. Rdh1 Bd7 19. Rh6 Qe7 20. Qd2 Rf6 21.
Rh8+ Kf7 22. Rxa8 Nxa8 23. f4 Rg6 24. fxe5 dxe5 25. Ng1 Nb6 26. Nf3 e4 27. Ne5+
Kf6 28. Nxg6 Kxg6 29. Be2 Qf6 30. Bb8 Na4 31. Kc2 Qa6 32. Bc7 Nb6 33. Kb1 Nxc4
34. Bxc4 Qxc4 35. Be5 Bb5 36. d6 Qe6 37. Bxg7 Kxg7 38. c4 Bd7 39. Qc3+ Kg6 40.
Qh8 Qe8 41. Rh6+ Kf7 42. Rf6# 1-0

[Event "Monarch Assurance Isle of Man 16th"]
[Site "Port Erin"]
[Date "2007.09.22"]
[Round "1.30"]
[White "Fairbairn, Stephen"]
[Black "Walton, Alan J"]
[Result "1-0"]
[WhiteElo "2091"]
[BlackElo "2223"]
[PlyCount "95"]
[EventDate "2007.09.22"]
[EventType "swiss"]
[EventRounds "9"]
[EventCountry "IOM"]

1. f4 d5 2. Nf3 Nf6 3. e3 g6 4. Be2 Bg7 5. O-O O-O 6. Nc3 c5 7. d3 Nc6 8. e4
dxe4 9. dxe4 Qxd1 10. Rxd1 Nb4 11. Ne1 Ng4 12. e5 Bf5 13. a3 Nc6 14. h3 Nh6 15.
Be3 b6 16. Bf3 Rac8 17. Rd2 Be6 18. g4 f6 19. exf6 exf6 20. Rd6 Nd8 21. Rad1
Nhf7 22. R6d2 f5 23. Nb5 Bxb2 24. c3 a6 25. Rxb2 axb5 26. Rxb5 Rb8 27. Bxc5 Re8
28. Rxb6 Rc8 29. Bd4 Bc4 30. gxf5 gxf5 31. Kf2 Ne6 32. Be3 Red8 33. Rxd8+ Rxd8
34. a4 Nd6 35. a5 Ne4+ 36. Bxe4 fxe4 37. a6 Bd5 38. a7 Kf7 39. Rb8 Kf6 40. Rxd8
Nxd8 41. Nc2 Ne6 42. Bd4+ Ke7 43. Ke3 Ba8 44. Na3 Nc7 45. c4 Ke6 46. Be5 Na6
47. Nb5 Bc6 48. Nd4+ 1-0

[Event "Monarch Assurance Isle of Man 16th"]
[Site "Port Erin"]
[Date "2007.09.22"]
[Round "1.31"]
[White "Grant, Alan"]
[Black "Goodger, Martyn"]
[Result "1-0"]
[WhiteElo "2223"]
[BlackElo "2093"]
[PlyCount "103"]
[EventDate "2007.09.22"]
[EventType "swiss"]
[EventRounds "9"]
[EventCountry "IOM"]

1. Nf3 d6 2. c4 f5 3. g3 Nf6 4. Bg2 g6 5. Nc3 Bg7 6. O-O O-O 7. d3 e5 8. Rb1
Nc6 9. Bg5 h6 10. Bxf6 Qxf6 11. Nd2 g5 12. b4 Be6 13. b5 Nd8 14. Nd5 Qf7 15. a4
c6 16. bxc6 bxc6 17. Nb4 Qc7 18. Qb3 a5 19. Na2 Rf7 20. Rfc1 Qc8 21. Qd1 Rb8
22. Rxb8 Qxb8 23. Nb3 Qc7 24. e3 Nb7 25. d4 exd4 26. exd4 Bd7 27. Nc3 Qb6 28.
Rb1 Qa7 29. Qd3 Nd8 30. d5 c5 31. Re1 Bxc3 32. Qxc3 Bxa4 33. Nxa5 Qb6 34. Nc6
Nxc6 35. Re8+ Rf8 36. Rxf8+ Kxf8 37. Qf6+ Ke8 38. dxc6 Qb1+ 39. Bf1 Bxc6 40.
Qe6+ Kd8 41. Qxd6+ Bd7 42. Qxh6 Qe4 43. Qxg5+ Kc7 44. Qe3 Qc6 45. h4 Bc8 46.
Qe7+ Kb8 47. Bg2 Qb6 48. h5 f4 49. Qe5+ Ka7 50. Qxf4 Be6 51. Qe4 Kb8 52. h6 1-0

[Event "Monarch Assurance Isle of Man 16th"]
[Site "Port Erin"]
[Date "2007.09.22"]
[Round "1.32"]
[White "Hutchinson, Norman A"]
[Black "Allen, Keith"]
[Result "0-1"]
[WhiteElo "2079"]
[BlackElo "2222"]
[PlyCount "60"]
[EventDate "2007.09.22"]
[EventType "swiss"]
[EventRounds "9"]
[EventCountry "IOM"]

1. e4 e5 2. Nf3 Nc6 3. Bb5 a6 4. Ba4 Nf6 5. O-O Be7 6. Bxc6 dxc6 7. d3 Nd7 8.
Nbd2 O-O 9. Nc4 f6 10. Nh4 Nc5 11. f4 Be6 12. Ne3 exf4 13. Rxf4 g6 14. d4 Bd6
15. e5 fxe5 16. Rxf8+ Bxf8 17. Nxg6 hxg6 18. dxc5 Bxc5 19. Qf3 Qd5 20. Qe2 Rd8
21. Kf1 Qd4 22. c3 Qf4+ 23. Ke1 Qxh2 24. Nf1 Qh4+ 25. g3 Qg4 26. Qxg4 Bxg4 27.
Be3 Be7 28. Nh2 Be6 29. Nf3 Bd6 30. b3 e4 0-1